000 00421nam a2200145Ia 4500
008 210716s2010 xx 000 0 und d
020 _a978112954136
041 _aeng
082 _a658.4056 CRAW
100 _aCrandall, William Rick; Parnell, John A; Spillan, John E.
245 _aCrisis management in the new strategy landscape.
250 _a1
260 _aNew Delhi
_bSage Publications
_c2010
300 _axiv,265
999 _c206030
_d206030